000
00313nam a22001337a 4500
008
181015b xxu||||| |||| 00| 0 eng d
020
_a
0444007539
041
_a
eng
080
_a
510
100
_a
30
101
_a
MAT
245
_a
Elementary Multivariate Analysis Sciences
_c
Robert.D.A
942
_2
udc
_c
BK
999
_c
49790
_d
49790